Normal view
MARC view
- الحسبان،عطاالله احمد سويلم
Entry Personal Name
001 - CONTROL NUMBER
- control field: 29404
003 - CONTROL NUMBER IDENTIFIER
- control field: JO-AjAnu
005 - DATE AND TIME OF LATEST TRANSACTION
- control field: 20230606074954.0
008 - FIXED-LENGTH DATA ELEMENTS
- fixed length control field: 230606|| aca||aabn | a|a d
040 ## - CATALOGING SOURCE
- Original cataloging agency: JO-AjAnu
- Transcribing agency: JO-AjAnu
100 ## - HEADING--PERSONAL NAME
- Personal name: الحسبان،عطاالله احمد سويلم
670 ## - SOURCE DATA FOUND
- Source citation: Work cat.: (JO-AjAnu)15097: الحسبان،عطاالله احمد سويلم, author, الرقابة الداخلية والتدقيق في بيئة تكنولوجيا المعلومات